01701cam a2200397 a 4500952016500000999001700165001000900182003000400191005001700195008004100212010001700253020001900270020001500289025002700304035002200331037007900353040001300432042001000445043001200455050002500467082002200492245016300514246002500677260004300702300005300745500004700798504005100845650005200896650008000948650005001028650005401078700002301132710005301155906004501208942005001253 00102ddc40708DAIRYaMESbMEScDAIRYd2022-08-24e52g2184.00l1m1o641.370954 ANE/Tp41520r2022-09-12 00:00:00s2022-08-24v2184.00w2022-08-24yBKzU21R3 c41500d4150013268089OSt20220824101456.0030430s2002 ii ab bf 001 0 eng  a 2003307836 a 9788190160308 a8190160303 aI-E-2003-307836; 53-13 a(DLC) 2003307836 bLibrary of Congress -- New Delhi Overseas OfficecRs2400.00 ($150.00 U.S.) aDLCcDLC alcode aa-ii---00aHD9275.I52bT43 2002 a641.370954bANE/T00aTechnology of Indian milk products :bhandbook on process technology modernization for professionals, entrepreneurs, and scientists /cR.P. Aneja ... [et al].30aIndian milk products aDelhi :bDairy India Yearbook,cc2002. axviii, 462 p. :bcol. ill., 1 col. map ;c29 cm. a"A Dairy India publication, Delhi, India." aIncludes bibliographical references and index. 0aDairy productszIndiavHandbooks, manuals, etc. 0aDairy products industryzIndiaxGovernment policyvHandbooks, manuals, etc. 0aMilk hygienezIndiavHandbooks, manuals, etc. 0aDairy processingzIndiavHandbooks, manuals, etc.1 aAneja, R. P.990742 aDairy India Yearbook (Firm : Delhi, India)99075 a7bcbccorigoded3encipf20gy-gencatlg 2ddccBKh641.370954iANE/Tk641.370954mANE/T